Jogadores mais gols Brasileirão Pontos Corridos Atlético-MG - Statistics

Estatísticas Gerais
  • Esse quiz foi jogado 64 vezes
  • A pontuação média é 6 de 10
Estatísticas das Respostas
N Gols Jogador % Correto
46 Hulk
100%
46 Diego Tardelli
87%
20 Paulinho
80%
24 Fred
76%
23 Cazares
64%
24 Luan
60%
19 Robinho
51%
19 Keno
36%
26 Leonardo Silva / Léo Silva
31%
22 Éder Luís
18%
Nenhum quiz correspondente encontrado
Distribuição das Pontuações
Porcentagem de Pessoas com Cada Pontuação
Percentil de Números Respondidos
Sua Pontuação Histórica
Você não jogou esse quiz